000 00681nam a2200241 i 4500
003 DO-SdBNP
005 20250805141749.0
007 ta
008 240315b1982 dr a|||| |||| 00| 0 spa d
040 _aDO-SdBNP
_bspa
_cBNPHU
_erda
041 _aspa
082 4 _aRD863.01
_bC744
_222
245 1 0 _aCuentos premiados 1980
264 1 _aSanto Domingo :
_bCasa de Teatro,
_c1982.
300 _a125 páginas :
_bilustraciones ;
_c21 cm.
336 _atexto
_btxt
_2rdacontent
337 _asin mediación
_bn
_2rdamedia
338 _avolumen
_bnc
_2rdacarrier
590 _aInventariado, 2024/DG
650 4 _aCuentos dominicanos
_xConcursos
_985052
910 _aDG
942 _2ddc
_cLBS1
999 _c56118
_d56118